Animais em vias de extinção (Registo nº 4289)
[ vista simples ]
| 000 -Etiqueta do registo | |
|---|---|
| Cabeçalho | 00917cam a2200301 4500 |
| 005 - Identificador da versão | |
| Campo de controlo | 20240813122057.0 |
| 095 ## - | |
| -- | PTBN00609669 |
| 010 ## - Número internacional normalizado dos livros (ISBN) | |
| Número (ISBN) | 9722604724 |
| 100 ## - Dados gerais de processamento | |
| Dados gerais de processamento | 19990127d1991 c y0pory5003 ba |
| 102 ## - Pais de publicação ou produção | |
| País de publicação | Portugal |
| 101 1# - Língua de publicação | |
| Língua do texto, banda sonora, etc. | Português |
| 106 ## - Campo de dados codificados: material textual | |
| Dados codificados do material textual | r |
| 105 ## - Campo de dados codificados: livros | |
| Dados codificados dos livros | a z 000yy |
| 215 ## - Descrição física | |
| Indicação específica da natureza do documento e extensão da espécie | [36] p. |
| Outras indicações físicas | muito il. |
| Dimensões | 18 cm |
| 200 1# - Titulo e menção de responsabilidade | |
| Título próprio | Animais em vias de extinção |
| Primeira menção de responsabilidade | Diane Costa de Beauregard |
| Outras menções de responsabilidade | il. Pierre de Hugo, Paul Bontemps |
| -- | trad. Joaquim Leite |
| 225 1# - Colecção | |
| Título próprio da colecção | Descobrir |
| 210 ## - Publicação, Distribuição, etc. | |
| Lugar da edição, distribuição, etc. | [Porto] |
| Nome do editor, distribuidor, etc. | Civilização ; |
| Lugar da edição, distribuição, etc. | [Lisboa] |
| Nome do editor, distribuidor, etc. | Círculo de Leitores |
| Data da publicação, distribuição, etc. | cop. 1991 [D.L. 1998] |
| 675 ## - Classificação Decimal Universal (CDU) | |
| Notação | 087.5 |
| Edição | BN |
| Língua da edição | por |
| Notação | 591 |
| Edição | BN |
| Língua da edição | por |
| 702 #1 - Nome de autor-pessoa física (responsabilidade secundária) | |
| Número de registo de entrada de autoridade | 0001050 |
| Palavra de ordem | Hugo |
| Outra parte do nome não tomada para palavra de ordem | Pierre |
| Código de função | Ilustrador / Técnico de desenho computorizado |
| Número de registo de entrada de autoridade | 0001051 |
| Palavra de ordem | Bontemps |
| Outra parte do nome não tomada para palavra de ordem | Paul |
| Código de função | Ilustrador / Técnico de desenho computorizado |
| Número de registo de entrada de autoridade | 0001052 |
| ID Autoridade | 1 |
| Palavra de ordem | Leite |
| Outra parte do nome não tomada para palavra de ordem | Joaquim |
| Código de função | Tradutor |
| 700 #1 - Nome de autor-pessoa física (responsabilidade principal) | |
| Número de registo de entrada de autoridade | 0001048 |
| Palavra de ordem | Beauregard |
| Outra parte do nome não tomada para palavra de ordem | Diane Costa de |
| 942 ## - Elementos de entrada adicionados (Koha) | |
| Tipo de item no Koha | Livro |
| Situação do levantamento | Origin of item (home branch) (coded) | Biblioteca de empréstimo | Código de barras | Cota | Circulation type (not for loan) | Tipo de documento | Nota do exemplar | Damaged status |
|---|---|---|---|---|---|---|---|---|
| Biblioteca Escolar das Vendas | Biblioteca Escolar das Vendas | BEV880 | 5BEA | Livro | Sem mensagem |
